[Event "MK Cafe Cup-A"]
[Site "Koszalin"]
[Date "1999.08.10"]
[Round "7"]
[White "Onischuk, Alexander"]
[Black "Ibragimov, Ildar"]
[Result "0-1"]
[WhiteElo "2657"]
[BlackElo "2554"]
[Annotator "Atlas,V"]
[PlyCount "68"]
[EventDate "1999.08.03"]
[EventType "swiss"]
[EventRounds "9"]
[EventCountry "POL"]
[SourceTitle "CBM 073"]
[Source "ChessBase"]
[SourceDate "1999.12.01"]
[SourceVersion "1"]
[SourceVersionDate "1999.12.01"]
[SourceQuality "1"]

1. e4 e5 2. Nf3 Nc6 3. Bc4 Bc5 4. d3 Nf6 5. c3 d6 6. Qe2 a6 $5 {This move,
known as an optimal responce to 6.Bb3, seems to fit well also after 6.Qe2.} (
6... Bb6 7. Bg5 (7. Bb3 $5) 7... h6 8. Bh4 Qe7 9. Nbd2 g5 10. Bg3 Bd7 (10...
Bg4 11. Nf1 Nh5 12. Bb5 {0-1 Ivanchuk,V-Shirov,A/Linares 1998/CBM 64 (30)}) 11.
Bb3 Nh5 12. Nc4 {1-0 Onischuk,A-Sokolov,I/Elista 1998/CBM Extra 66 (43)}) (6...
O-O 7. Bg5 h6 8. Bh4 Be6 9. Nbd2 a6 {1-0 Mathonia,C-Kohl,H/BL2-SW 1989/BL2 (53)
}) 7. Bb3 Ba7 8. h3 Be6 9. Bc2 h6 10. Nbd2 d5 $1 11. g4 $6 ({In case of} 11.
exd5 {Black may take on d5 with the queen, however he also has little to fear
after 11...Bxd5 12. Nxe5 0-0 or 11...Nxd5 12.Nxe5 12...Nxe5.}) (11. O-O $2 Nh5
{[%csl Re2,Rf1][%cal Gh5f4,Gh5g3]}) ({An immediate} 11. Nf1 {with the idea 12.
Ng3 and 13.0-0 was probably a better continuation, but in this case White
should reckon with the danger to which his king is exposed on the k-side..})
11... Qd7 12. Nf1 O-O-O 13. Ng3 g6 14. Bd2 Ng8 $5 {The goal of this move is to
defend the e5-pawn by means of f7-f6 and to transfer the knights to a better
location.} 15. O-O-O Nge7 16. Kb1 Kb8 17. Rhe1 d4 18. c4 b5 $1 {[%mdl 32]
Black plays without prejudices! Using inferiority of White's setup, he
launches an attack against White's monarch, opening lines for his pieces.} 19.
Bb3 ({After} 19. cxb5 {[%cal Ye6a2] the bishop at e6 will become too dangerous.
}) 19... bxc4 20. dxc4 ({After} 20. Bxc4 Bxc4 21. dxc4 {Black playing} Ka8 (
21... d3 22. Qf1 Qe6 23. b3 Qf6 24. Qg2 Nd4 25. Nxd4 Bxd4 26. Rf1 Nc6 27. f4
$132) 22. Qd3 Rb8 23. Qa3 Qc8 {retains an advantage, but White's task would
likely be easier than it was in the game.}) 20... f6 21. Qd3 Ka8 {[%cal Yd8b8,
Yb8b3]} 22. Ba4 Rb8 23. Rc1 {White is deprived of any counterplay and can only
passively look at the regrouping of Black's forces.} Qc8 (23... Bc5 $5) 24. c5
Nb4 25. Bxb4 Rxb4 $17 26. b3 Qb7 27. Ka1 Rb8 28. Re2 Nc6 {One more piece
approaches the critical square b3, after which White's position becomes
indefensible.} 29. Ne1 ({After} 29. Bxc6 Qxc6 {Black threatents to play 30...
Bxb3 with the decisive attack.}) 29... Na5 {[%csl Rb3][%cal Ya5b3,Re6b3,Gb8b3]}
30. Qc2 (30. Rec2 Bxb3 31. c6 Qb6 32. axb3 Nxb3+) 30... Nxb3+ $1 31. axb3 Bxb3
(31... Rxa4+ 32. bxa4 Qb4 $19) 32. Bxb3 Rxb3 33. Qa2 Bxc5 $1 34. Nc2 d3 0-1

[Event "USA-ch Gr-B"]
[Site "Salt Lake City"]
[Date "1999.08.26"]
[Round "4"]
[White "Benjamin, Joel"]
[Black "Kaidanov, Gregory S"]
[Result "1-0"]
[WhiteElo "2579"]
[BlackElo "2611"]
[Annotator "Atlas,V"]
[PlyCount "107"]
[EventDate "1999.08.05"]
[EventType "tourn"]
[EventRounds "7"]
[EventCountry "USA"]
[EventCategory "13"]
[SourceTitle "CBM 073"]
[Source "ChessBase"]
[SourceDate "1999.12.01"]
[SourceVersion "1"]
[SourceVersionDate "1999.12.01"]
[SourceQuality "1"]

1. e4 e5 2. Nf3 Nc6 3. Bc4 Bc5 4. c3 Nf6 5. d3 d6 6. O-O O-O 7. Nbd2 a6 8. Bb3
Be6 9. Nc4 Ba7 10. a4 h6 (10... b5 11. Ne3 Qd7 12. Bc2 d5 13. Ng5 d4 {1/2-1/2
Pikula Dejan-Vujosevic Vladimir/Ch Yugoslavia team 1995 (28)}) (10... Ne7 11.
a5 Ng6 12. h3 h6 13. Be3 Bxe3 14. Nxe3 d5 {1/2-1/2 Fedorov,A-Aleksandrov,A/
Nikolaev zt 1993 (30)}) 11. a5 Ne7 12. Re1 Ng6 13. Be3 Bxc4 14. Bxc4 Bxe3 15.
Rxe3 c6 16. d4 d5 17. exd5 e4 18. Nd2 ({Consequences of a piece sacrifice:} 18.
dxc6 $5 exf3 19. cxb7 Ra7 20. Qxf3 Qc7 21. b3 {are difficult to assess.}) 18...
cxd5 19. Bf1 (19. Bb3 {also deserved attention, but since White has to play
f2-f3 in order to undermine Black's pawn chain, to retain Bishop in the
vicinity of the King is clearly safer.}) 19... Ne7 20. f3 Nf5 21. Re1 Re8 (
21... e3 $2 22. Nb3 {[%cal Yf1d3,Yd3f5,Re1e3]}) 22. fxe4 dxe4 23. Nc4 Qc7 24.
Be2 (24. Ne3 $6 Nxe3 25. Rxe3 Qf4 $36) 24... Nd5 25. Qd2 Nh4 26. Bf1 Rad8 {
This natural move allows White to relocate his forces and eventually launch
pawn advancement on the Q-side.} (26... Re6 $5 27. Qf2 (27. Ne5 f6 28. Ng4 (28.
c4 e3 29. Qd1 Nf4) 28... Rae8 $132) 27... Ng6 28. Ne3 Rd8 29. g3 $14) 27. Qf2
Ng6 28. Qf5 Nf6 29. Ne3 Ne7 30. Qf2 Ned5 31. Nf5 $1 (31. c4 $2 Nxe3 32. Qxe3
Ng4 33. Qh3 Qf4 $19) 31... g6 (31... Ng4 32. Qg3 Qxg3 33. Nxg3 e3 34. Be2 {
[%csl Rb7,Re3][%cal Ye2f3,Gc3c4]}) 32. Ne3 Nxe3 $6 (32... Kg7 $142) 33. Qxe3
Rd5 {[%cal Gd5h5,Gd5a5]} 34. Be2 Kg7 (34... Rxa5 35. Qxh6 ({After} 35. Rxa5
Qxa5 36. Qxh6 Qa2 {the direct assault on the Black's king turns out to be
premature:} 37. Qf4 Kg7 (37... Nd5 38. Qd6) 38. Rf1 Re6 39. Bg4 $6 Rb6 (39...
Nxg4 $6 40. Qxf7+ Kh6 41. h3 Ne3 42. Qf8+ Kh5 43. Qh8+ Kg5 44. Qd8+ Kh5 45. g3
$1 $40) 40. Qe5 Qxb2 41. d5 Qd2 42. Be6 $2 Qe3+ 43. Kh1 Qf2 $1 $17) 35... Rxa1
36. Rxa1 Nd5 37. Rf1 {leaves White with an edge.}) 35. b4 {<<} Rdd8 {[%csl Rc3]
[%cal Yf6d5]} 36. c4 Qd6 37. d5 $1 Qxb4 {Black should accept the pawn
sacrifice, but now White's rooks come into play.} 38. Reb1 Qe7 39. Rb6 Qe5 (
39... Rd6 $5 40. Rab1 Rxb6 41. Rxb6 Qe5 42. Rxb7 Qa1+ 43. Bf1 Re5 $40) 40. Rf1
{[%cal Yf1f6,Yb6f6]} Ng8 41. Rxb7 {[%cal Yf1f7,Yb7f7]} Ne7 42. Qg3 $1 Nf5 43.
Qxe5+ Rxe5 44. g4 Re7 (44... Nd6 45. Ra7 {[%csl Ra6,Rf7][%cal Gc4c5]} Rc8 46.
Rd7 $1 $18) 45. Rxe7 $1 (45. Rb6 Nd4 46. Kf2 e3+ 47. Ke1 $16) 45... Nxe7 46.
Rb1 $18 Kf6 (46... Rd6 47. Rb6 Nc8 48. Rxd6 Nxd6 49. c5 $18) 47. Rb6+ Ke5 48.
Rxa6 Nxd5 49. cxd5 Rxd5 50. Kf2 Rc5 51. h4 $1 Rc2 52. g5 hxg5 53. hxg5 Ra2 54.
Ra7 1-0

[Event "RUS-Cup02"]
[Site "Moscow"]
[Date "1998.??.??"]
[Round "3"]
[White "Ivanov, Victor L"]
[Black "Notkin, Maksim"]
[Result "1/2-1/2"]
[WhiteElo "2455"]
[BlackElo "2505"]
[Annotator "Atlas,V"]
[PlyCount "117"]
[EventDate "1998.01.21"]
[EventType "swiss"]
[EventRounds "9"]
[EventCountry "RUS"]
[SourceTitle "CBM 063"]
[Source "ChessBase"]
[SourceDate "1998.03.26"]
[SourceVersion "1"]
[SourceVersionDate "1998.03.26"]
[SourceQuality "1"]

1. e4 e5 2. Nf3 Nc6 3. Bc4 Bc5 4. c3 Nf6 5. d3 a6 6. Nbd2 O-O 7. O-O d6 8. Bb3
Ba7 9. h3 Ne7 10. Re1 Ng6 11. Nf1 h6 12. Ng3 Re8 13. d4 Bd7 14. Be3 (14. Qc2 c6
15. Be3 Qc7 16. Rad1 Be6 17. dxe5 Bxb3 18. Qxb3 dxe5 19. Bxa7 Rxa7 20. Nf5 Raa8
21. Nd6 Re7 22. Rd2 b5 23. Red1 {1-0 Lakos,N-Dokmanovic,N/EU-chJW U16 1994 (38)
}) 14... Qe7 $5 ({A new move. After} 14... Bc6 15. Bc2 exd4 16. Bxd4 Nf4 17.
Bxa7 Rxa7 18. Nd4 Ng6 19. Qd2 Bd7 20. f4 Ra8 21. Rad1 Nh7 22. Rf1 Rb8 23. Ngf5
{White obtained a better position, Dolmatov,S-Razuvaev,Y/URS-FL 1980 (85)}) 15.
Qd2 Kh7 16. Rad1 Be6 17. Bc2 Qf8 18. Nh2 (18. Nf5 $5 {was an intersting option.
}) 18... Kg8 19. b3 $6 {This move yields Black additional possibilites for the
counterplay on the queenside. The a2-pawn, which is invulnerable at the moment,
could be always protected by Bb1.} (19. Kh1 {or 19.f3!?/\Ng4 (a similar motiv
was explored by Kasparov in one of his most impressive victories over Karpov)
were better options.}) 19... a5 $1 20. Rf1 Qe7 21. Kh1 a4 22. f4 axb3 23. axb3
exf4 24. Bxf4 Nh7 25. Be3 Bb6 26. Rde1 Ra2 27. Qd3 $6 (27. Nf5 $36 {deserved
serious attention.}) 27... Qh4 28. Bf2 $2 ({A mistake.} 28. Nf5 {was to be
preferred:} Bxf5 29. exf5 {, and if} Nf4 {, then} 30. Qd2 Nh5 31. Bf2) 28...
Nf4 29. Qb5 Qd8 30. d5 Bd7 31. Qc4 Rxc2 (31... Nxg2 {would also yield Black a
large advantage.}) 32. Bxb6 Nxg2 33. Re2 (33. Bxc7 Qh4 (33... b5 $19 {leads to
the unbearble position for White.})) 33... Rxe2 34. Qxe2 cxb6 35. Qxg2 Qc8 36.
Nh5 Qxc3 37. Rg1 (37. Rf6 Ng5 (37... Qe1+ 38. Nf1 Qxe4 $19) 38. Rxd6 Bxh3 $19)
37... Ng5 (37... g6 38. Nf4 Nf8 {had to suffice for win.}) 38. h4 Bh3 39. Qg3
Nxe4 $1 40. Qxc3 {[%csl Rc3,Rh1][%cal Ge4f2,Ge4c3]} Nxc3 $4 ({Incredible!
Instead of mate in one,} 40... Nf2# {, Black opts for the queen capture, after
which he has to fight for survival. It is not too often one can see missing
mate in one on the GM level.}) 41. Nf6+ Kf8 42. Nxe8 Kxe8 43. Rg3 Ne4 44. Rxh3
Nf2+ 45. Kg2 Nxh3 46. Kxh3 Ke7 47. Kg4 Kf6 48. Nf3 g6 49. Kf4 Ke7 50. Nh2 Kf6
51. Ng4+ Kg7 52. Nf2 Kf6 53. Ne4+ Ke7 54. Nd2 Kf6 55. Ne4+ Ke7 56. b4 f5 57.
Nd2 Kf6 58. Nf3 b5 59. Ng5 1/2-1/2

[Event "RUS-Cup01 Chigorin Memorial"]
[Site "St Petersburg"]
[Date "1997.11.02"]
[Round "2"]
[White "Yudasin, Leonid"]
[Black "Belozerov, Andrei"]
[Result "1-0"]
[WhiteElo "2610"]
[BlackElo "2450"]
[Annotator "Atlas,V"]
[PlyCount "89"]
[EventDate "1997.11.01"]
[EventType "swiss"]
[EventRounds "9"]
[EventCountry "RUS"]
[SourceTitle "CBM 062"]
[Source "ChessBase"]
[SourceDate "1998.01.31"]
[SourceVersion "1"]
[SourceVersionDate "1998.01.31"]
[SourceQuality "1"]

1. e4 e5 2. Nf3 Nc6 3. Bc4 Bc5 4. c3 Nf6 5. b4 Bb6 6. d3 d6 7. a4 a5 8. b5 Ne7
9. O-O O-O 10. Nbd2 Ng6 11. Re1 (11. Qb3 Bg4 12. h3 Bh5 13. Nh2 Nf4 14. Ndf3
Ne2+ 15. Kh1 Nxc1 16. Raxc1 Kh8 17. g4 Bg6 18. Nh4 c6 19. bxc6 bxc6 20. Rce1
Nd7 21. Ng2 d5 22. exd5 Nc5 23. Qd1 cxd5 24. Bb5 Bc7 25. f4 exf4 {Torre,
E-Tukmakov,V/Leningrad 1987/CBM 03/1-0 (52)}) 11... Re8 $6 {A dubious decision.
After this move White obtains a dangerous initiatvive on the queenside.  The
standard alternatives are:} (11... c6 12. Nf1 d5 13. exd5 cxd5 14. Bb3 Bc7 15.
Bg5 Be6 16. Ne3 h6 17. Bxf6 gxf6 18. c4 d4 19. Nf1 Bd6 20. N3d2 Bb4 21. Qf3 b6
22. g3 Kg7 23. h4 Qd7 24. Bd1 Bh3 25. Ra2 f5 26. Nh2 f6 27. h5 e4 28. Qe2 e3
29. hxg6 exd2 30. Rf1 Rae8 31. Qf3 Re1 {0-1 Gnecco,H-Villegas,B/ARG-chT 1936/
HCL 23}) (11... Nh5 12. Nf1 Nhf4 13. Be3 Bg4 14. Bxf4 Nxf4 15. h3 Bh5 16. Ng3
Qf6 17. Nxh5 Nxh5 18. Ra2 Nf4 19. Kh2 c6 20. d4 Bc7 21. b6 Bxb6 22. Rb2 Qd8 23.
dxe5 d5 24. exd5 cxd5 25. Ba2 Rc8 26. Qd2 {Bakhtadze,G-Jenni,F/WchJM-U16 1995/
JUN 95/1-0 (39)}) (11... Bg4 12. h3 Be6 13. Ba2 Bxa2 14. Rxa2 Re8 15. Nc4 d5
16. Nxb6 cxb6 17. Qb3 Rc8 18. Bg5 dxe4 19. dxe4 Qc7 20. Bxf6 gxf6 21. Re3 Red8
22. Rd2 Rxd2 23. Nxd2 Nf4 24. Kh2 Kh8 25. g3 Qd7 26. gxf4 Qxd2 27. Rf3 Rg8 28.
Qxf7 Qe1 29. Qxf6+ Rg7 30. Qf8+ Rg8 31. Qf6+ {1/2-1/2 Elis,V-Pragua,C/BL2-W
1989/BL2}) 12. Qb3 $1 {The most energetic continuation. White efficiently uses
the g8-a2 and f8-a3 diagonals.} Re7 13. Ba3 h6 $6 {A natural reaction,
prevening 14.Ng5. Yet, this move allows White to increase the pressure in the
center. Instead, 13...Bc5 deserved serious attention.} 14. d4 {Threatening
d4xe5.} Qe8 15. h3 {[%csl Rc5,Rd6,Re5,Rf7][%cal Gb3f7,Ya3e7,Yd4e5,Rc3c5] White
is clearly better. His pieces are very active, he controls the most important
diagonals, whereas the black pieces are placed clumsy and deprived of active
possibilities. The next stage of White's plan is the preparement of c-pawn
march.} Bd7 16. Qc2 Qb8 {An original queen maneuver, which, however, does not
change the character of the play.} 17. Bd3 Qa7 18. Nc4 {Resuming the threat
d4xe5.} Ree8 19. Nxb6 Qxb6 20. c4 Nh5 ({The only meaningful way to meet the
threat c4-c5. After} 20... exd4 21. c5 {Black is helpless.}) 21. c5 dxc5 22.
Bxc5 ({It is much stronger than} 22. dxc5 $6 Qf6 {White needs to open the
centre, obtaining the excellent perspectives due to the bishop pair and the
pawn majority on the kingside.}) 22... Qf6 23. dxe5 Nxe5 24. Nxe5 Qxe5 25. Bf1
$1 {[%csl Yf4,Yg3,Yh3][%cal Gg2g3,Gf2f4,Gf1h3] A good move. White is planning
to move his kingside pawns and needs to protect the h3 pawn by his
light-squared bishop.} Be6 26. Rac1 Red8 27. g3 Rd7 (27... g5 $2 {, intending
to prevene 28. f4, is not reccomendable in view of 28. Ba3 /\Bb2, exploiting
the weakened main diagonal.}) 28. f4 Qf6 29. Qc3 Rad8 (29... Qxc3 30. Rxc3 {
, threatening 31. f5, does not leave Black real hopes.}) 30. Qf3 ({The natural
continuation} 30. Qxf6 Nxf6 31. f5 Bb3 32. e5 {/\Pe6-e7 yields White excellent
winning prospects. More persistent is 30...gf6, preventing the e-pawn march
and attacking the g3-pawn.}) 30... g6 31. Rc3 {A useful move. White reinforces
control over the third rank and intends to win material after e4-e5 and g3-g4.}
Rd2 32. e5 Qf5 33. Bf2 $1 {[%csl Rf5,Rh5][%cal Gg3g4]} (33. g4 {is less
convincing:} Qxf4 34. Qxf4 (34. gxh5 $4 {would be a terrible blunder in view of
} Qh2#) 34... Nxf4 35. Be3 g5 (35... R2d3 $5 36. Bxd3 Rxd3 {is also not
deprived of interest}) 36. Bxd2 Rxd2 37. Rxc7 Bd5 {, retaining counterchances.
After the text move Black's material losses are inevtiable.}) 33... c6 (33...
Ng7 {immediately loses in view of} 34. g4) 34. g4 Qxf4 35. gxh5 Qg5+ 36. Qg3 (
36. Bg2 {/\Be3 must also suffice.}) 36... Qxh5 37. bxc6 bxc6 38. Rxc6 Ra2 39.
Rd6 Rc8 40. Rd4 Rcc2 41. Be3 Rh2 {Trying the last chance.} 42. Qf4 $1 ({
The simplest.} 42. Qxh2 $2 {falls short after} Rxh2 43. Kxh2 Qxe5+) 42... Kh7 (
42... Bxh3 {leads to the mate after} 43. Rd8+ Kg7 (43... Kh7 44. Qxf7#) 44.
Qf6+ Kh7 45. Rh8#) 43. Bd2 $1 {Winning the rook. Black is entirely lost.} Rxh3
44. Bxh3 Qxh3 45. Qh2 1-0

[Event "WchT 4th"]
[Site "Luzern"]
[Date "1997.10.31"]
[Round "7.3"]
[White "Kazhgaleyev, Murtas"]
[Black "Malaniuk, Vladimir P"]
[Result "1-0"]
[WhiteElo "2500"]
[BlackElo "2615"]
[Annotator "Atlas,V"]
[PlyCount "68"]
[EventDate "1997.10.25"]
[EventType "team-tourn"]
[EventRounds "9"]
[EventCountry "SUI"]
[SourceTitle "CBM 062"]
[Source "ChessBase"]
[SourceDate "1998.01.31"]
[SourceVersion "1"]
[SourceVersionDate "1998.01.31"]
[SourceQuality "1"]
[WhiteTeam "Kazakhstan"]
[BlackTeam "Ukraine"]
[WhiteTeamCountry "KAZ"]
[BlackTeamCountry "UKR"]

1. e4 {Hansen,Cu} e5 2. Nf3 Nc6 3. Bc4 Bc5 4. c3 Nf6 5. d3 a6 6. Nbd2 d6 (6...
O-O 7. Bb3 d6 8. h3 Be6 9. Bc2 h6 10. O-O Re8 11. Qe2 Nh5 12. Kh2 Nf4 13. Qd1
Qf6 14. Ng1 Rad8 15. Qf3 Qg6 16. Nb3 Nh5 17. Nxc5 dxc5 18. Be3 b6 19. Ne2 Nf6
20. Qg3 Qxg3+ 21. Nxg3 {Adams,M-Piket,J/Dos Hermanas 1995/CBM 47/1-0 (61)}) 7.
Nf1 (7. Bb3 O-O 8. h3 h6 9. Nf1 Be6 10. Qe2 Ne7 11. Ng3 Ng6 12. O-O Ba7 13. Rd1
Qe8 14. Bc2 Nf4 15. Qf1 g5 16. d4 Bd7 17. Be3 Ng6 18. Re1 Kh7 19. Nf5 Be6 20.
Qe2 Rg8 21. Qd2 exd4 {Adams,M-Gyimesi,Z/BL9697 1997/BL9697/1-0 (34)}) 7... O-O
(7... Ba7 8. Be3 O-O 9. Bxa7 Rxa7 10. Ne3 Na5 11. O-O Nxc4 12. Nxc4 Be6 13. Ne3
h6 14. Qc2 Re8 {1/2-1/2 Klinger,J-Wittmann,W/AUT-ch 1985/MCD-ch}) (7... Be6 8.
Bb3 h6 9. Be3 Bxe3 10. Nxe3 O-O 11. O-O d5 12. exd5 Nxd5 13. Nc4 Bg4 14. h3
Bxf3 15. Qxf3 Nf4 16. d4 Qg5 17. dxe5 Rad8 18. Rad1 b5 19. Qxc6 bxc4 20. h4
Ne2+ {0-1 Delveborn,I-Samuelsson,S/Stockholm op2 1992/EXT 92op}) 8. Ng3 Ba7 9.
Bb3 Be6 10. h3 h6 11. Nh2 d5 ({Or} 11... Qd7 12. Qf3 {threatening Bh6.}) (11...
Ne7 {/\Ng6 deserved here serious attention.}) (11... Bxb3 $5 {Hansen,Cu} 12.
axb3 d5 13. Qf3 dxe4 14. dxe4 Nh7 15. h4 Qd7 16. Ng4 Rad8 $132 {Tkachiev,
V-Flear,G/Clichy 1995 (49)}) 12. Qf3 dxe4 13. dxe4 {Intending to continue 14.
Ng4.13...Qd7? fails to 14.Bh6.} Nd7 (13... Bxb3 {Hansen,Cu} 14. axb3 {See
Tkachiev-Flear mentioned above}) 14. Ng4 Ne7 15. O-O {Hansen,Cu: White has
better control over the central squares(<->d),and the Ns on g3/g4 forces black
to be very careful on the K-side.} Bxg4 $6 {Hansen,Cu: This exchange is not
one black would normally like to play. Now Bb3 wille be very strong.} ({
A dubious decision.} 15... Nc5 {was an interesting alternative:} 16. Bxe6 (16.
Rd1 Qc8) 16... fxe6 17. Qe2 Qd3) 16. hxg4 Nc5 17. Rd1 (17. Nh5 $5 {seems to be
less effiicient:} Nxb3 18. axb3 (18. Bxh6 $2 {fails to} Nxa1 (18... gxh6 $2 19.
Qf6 Nf5 20. gxf5 $18) 19. Bxg7 Ng6) 18... Ng6 19. g3 Qd6 $132) 17... Qe8 18.
Bc2 {Hansen,Cu: Of course white will not allow black to exchange Bb3. After
b2-b4 it might very well return to b3 and the diagonal a2-g8.} (18. Be3 {
leads to equality after} Nxb3 19. axb3 Bxe3 20. Qxe3 Qc6) (18. Bc4 $5 {was an
interesting alternative:} b5 (18... Ne6 19. Nf5) 19. Be2 $14) 18... Ne6 19. Nf5
(19. Nh5 $5 {, threatening Bh6 and planning g3, Kg1-g2, Rh1, deserved here
serious attention.}) 19... Rd8 20. Re1 {White avoids exchanges that might ease
blacks defense.} Ng5 21. Qe2 ({After} 21. Qg3 Ng6 {Black obtains good
counterplay. The text move allows more aggressive set-up: Pg2-g3, Kg2, Rh1.})
21... Ng6 22. g3 {[%csl Rg7,Rh6][%cal Gg1g2,Ge1h1,Gf5g7,Gf5h6,Gh1h6]} Qb5 $6 ({
This move allows White to undertake the effective actions on the queenside.
More prudent seems} 22... Rd7 23. Kg2 Qd8 {, although in this line White
retains a durable advantage.}) 23. c4 {Hansen,Cu: In the white players opinion
he has very good attacking chances on the K-side. So he wants to keep the Q on
the board. Even is it means he has to play the positionally suspekt textmove -
weakening the square d4.} (23. Qxb5 {falls short after} Nf3+ 24. Kg2 $140 $4
Nxe1+ $19) 23... Qc6 24. Kg2 Rfe8 25. Rh1 Nf8 (25... Ne6 {Hansen,Cu} 26. g5 $40
{[%cal Ye2h5]}) 26. Bxg5 hxg5 27. Rad1 {The threat is 28.Rd8 Rd8 29. Ne7# or
28.Ne7+.} (27. Rh5 $6 {fails to} g6 28. Rxg5 Nh7) (27. Rh2 {does not yield
anything in view of} g6 28. Nh6+ (28. Ne3 Qd6 29. Rah1 Qd2) 28... Kg7) 27...
Rxd1 28. Qxd1 Qb6 (28... Qxc4 {is refuted by the elegant} 29. Qd8 $1 Qe6 (29...
Rxd8 $140 $2 30. Ne7#) 30. Qxg5) 29. Qd2 ({Certainly, not} 29. Qd8 $4 {(/\29...
Rd8 30.Ne7#)} Qxf2+ 30. Kh3 Rxd8 $19) 29... Ne6 (29... Qxb2 $2 {loses after}
30. Qxg5 Ng6 31. Qh5 {/\Qh7+, and mate is inevitable.}) 30. b4 $1 {Intending
to lock the a7-bishop by closing the diagonal g1-a7 after c4-c5. Hansen,Cu:
White wants to shut Ba7 out of the game. After c4-c5 the diagonal a7-g1 is
closed for black and the diagonal a2-g8 is opened for Bc2.} Qc6 {[%csl Ra7]
[%cal Gc4c5]} 31. c5 b6 32. Qd1 ({Tempting} 32. Qd5 {yields Black after} Qxd5
33. exd5 Nd4 {a counterplay. White is threatening now by Qg1-h2.}) 32... g6 33.
Ne3 ({Immediate} 33. Qg1 $2 {fails to} gxf5 34. Qh2 Kf8 35. Qh6+ Ke7 36. gxf5
Nd4) 33... Nd4 $2 ({After this move Black's position is unbearable. Essential
was} 33... Kg7 {, although in this case White is clearly better. He can try
either} 34. Ba4 Qxe4+ 35. f3 Qxe3 36. Re1 {or 34.Nd5, with a large advantage.})
34. Nd5 a5 $2 {[%cal Rd1g1,Rg1h2,Rh2h8]} ({Black resigned. Indeed, after the
text move White forces win after} 34... a5 35. Qg1 {, and mate is inevitable:}
(35. b5 $1 {Hansen,Cu} Nxb5 36. Ba4 $18 {[%cal Rd1b3] /\Qb3, /\37. Bxb5 Qxb5
38. Nxc7/Nf6+ +-}) 35... Nxc2 36. Qh2 Ne1+ 37. Kf1 Qb5+ 38. Kxe1 $18) (34...
Kg7 {, intending to meet 35.Qg1 by 35...Rh8, allowed to avoid the mate final,
but after} 35. Ba4 Nb5 36. Qc1 $1 {White must win:} f6 37. cxb6 Qxc1 38. Rxc1
Bxb6 39. Bxb5 (39. Nxc7 {seems also to be sufficient to win:} Nxc7 40. Bxe8
Nxe8 41. Rc6) 39... axb5 40. Nxc7 $18) 1-0